ՀՀ Գիտությունների ազգային ակադեմիայի հիմնարար գիտական գրադարան  =   Fundamental Scientific Library of NAS RA

Камень. Человек. Время / (Record no. 81147)

MARC details
000 -LEADER
fixed length control field 00816nam a2200229 u 4500
001 - CONTROL NUMBER
control field 000230376
003 - CONTROL NUMBER IDENTIFIER
control field AM-YeHGA
005 - DATE AND TIME OF LATEST TRANSACTION
control field 20250618071550.0
008 - FIXED-LENGTH DATA ELEMENTS--GENERAL INFORMATION
fixed length control field 030602s1991 ||| r ||| 0 rus d
020 ## - INTERNATIONAL STANDARD BOOK NUMBER
Canceled/invalid ISBN 5-02-030000-4
040 ## - CATALOGING SOURCE
Original cataloging agency AM-YeHGA
090 ## - LOCALLY ASSIGNED LC-TYPE CALL NUMBER (OCLC); LOCAL CALL NUMBER (RLIN)
-- 82415
100 1# - MAIN ENTRY--PERSONAL NAME
Personal name Вахрушев, Валентин Александрович
245 10 - TITLE STATEMENT
Title Камень. Человек. Время /
Statement of responsibility, etc. В.А. Вахрушев; Отв. ред.: Н.В. Соболев; АН СССР.
260 ## - PUBLICATION, DISTRIBUTION, ETC.
Place of publication, distribution, etc. Новосибирск :
Name of publisher, distributor, etc. Наука,
Date of publication, distribution, etc. 1991.
300 ## - PHYSICAL DESCRIPTION
Extent 172 с.
440 #0 - SERIES STATEMENT/ADDED ENTRY--TITLE
Title Человек и окружающая среда
504 ## - BIBLIOGRAPHY, ETC. NOTE
Bibliography, etc. note Библиогр.: с. 171-172
650 14 - SUBJECT ADDED ENTRY--TOPICAL TERM
Topical term or geographic name entry element Культура
9 (RLIN) 5174
700 1# - ADDED ENTRY--PERSONAL NAME
Personal name Соболев, Н.В.
Relator term ред.
Relationship edt
710 2# - ADDED ENTRY--CORPORATE NAME
Corporate name or jurisdiction name as entry element Академия наук СССР
Holdings
Withdrawn status Lost status Damaged status Not for loan Collection Home library Current library Date acquired Total checkouts Full call number Barcode Date last seen Price effective from Koha item type Public note
        General Fundamental Scientific Library Fundamental Scientific Library 22/12/2016   553.8 120641961 22/12/2016 22/12/2016 Գրքեր / Books 30 Days Loan


ՀՀ ԳԱԱ հիմնարար գիտական գրադարան
ՀՀ,Երևան 0019
Մարշալ Բաղրամյան 24/6
հեռախոս:(374-10) 52-47-50
Հետադարձ կապ

All site content, except where otherwise noted, is licensed under a
Creative Commons License